000 00402nam a2200145Ia 4500
008 220120s9999||||xx |||||||||||||| ||und||
020 _a9788131732342
082 _a620.381 53 CLA
100 _aClayton, George and Winder, eve
_912881
245 0 _aOperational Amplifiers
250 _a5th
260 _aElsevier
_bNew Delhi
_c2011
300 _a707p.
_b430
650 _aELECTRONICS AND COMMUNICATIONS
999 _c132747
_d132747